000 00679nam a2200265Ia 4500
005 20260306164045.0
008 008 260114s9999 xx 000 0 eng d
020 _a9781399513494
037 _aEBOOK
040 _aCRL
040 _beng
040 _cCRL
041 _2eng
041 _aeng
084 _qCRL
100 _aRock, Tina
_9976137
245 0 _aDynamic Realism: Uncovering The Reality Of Becoming Through Phenomenology And Process Philosophy
260 _bEdinburgh University Press
260 _c2022
650 _aPhilosophy
856 _uhttps://academic.oup.com/book/44075
942 _cEBOOK
999 _c1712578
_d1712578